Fantasmas de Oriente (Record no. 83740)

MARC details
000 -LEADER
campo de control de longitud fija 00587cam a2200217I 4500
001 - NÚMERO DE CONTROL
campo de control 86524
005 - FECHA Y HORA DE LA ÚLTIMA TRANSACCIÓN
campo de control 20230410132547.0
008 - DATOS DE LONGITUD FIJA--INFORMACIÓN GENERAL
campo de control de longitud fija 750918s1958 mx 000 0 spa d
035 ## - NÚMERO DE CONTROL DEL SISTEMA
Número de control de sistema (OCoLC)ocm01633106
040 ## - FUENTE DE CATALOGACIÓN
Centro catalogador/agencia de origen DZM
Centro/agencia transcriptor DZM
Centro/agencia modificador OCL
-- OCLCQ
-- OCLCG
035 ## - NÚMERO DE CONTROL DEL SISTEMA
Número de control de sistema (OCoLC)1633106
050 14 - SIGNATURA TOPOGRÁFICA DE LA BIBLIOTECA DEL CONGRESO
Número de clasificación PQ2472
Número de ítem F318
082 04 - NÚMERO DE LA CLASIFICACIÓN DECIMAL DEWEY
Número de clasificación 848
Número de ítem V623f
049 ## - FONDOS LOCALES (OCLC)
Biblioteca depositaria GRAL
100 1# - ENTRADA PRINCIPAL--NOMBRE DE PERSONA
Nombre de persona Loti, Pierre,
Fechas asociadas al nombre 1850-1923.
245 10 - MENCIÓN DEL TÍTULO
Título Fantasmas de Oriente
Mención de responsabilidad, etc. [by] Pierre Loti [pseud.] [Tr. de Daniel Tapia]
260 ## - PUBLICACIÓN, DISTRIBUCIÓN, ETC.
Lugar de publicación, distribución, etc. Mexico,
Nombre del editor, distribuidor, etc. Ed. Novaro
Fecha de publicación, distribución, etc. [1958]
300 ## - DESCRIPCIÓN FÍSICA
Extensión 157 p.
942 ## - ELEMENTOS DE ENTRADA SECUNDARIOS (KOHA)
Fuente del sistema de clasificación o colocación Clasificación de Library of Congress
Tipo de ítem Koha
994 ## -
-- C0
-- DRFGD
Holdings
Estatus retirado Estado de pérdida Fuente del sistema de clasificación o colocación Estado de daño No para préstamo Colección Biblioteca de origen Biblioteca actual Ubicación en estantería Fecha de adquisición Serial enumeration / chronology Signatura topográfica completa Código de barras Visto por última vez Copia número Tipo de ítem Koha
    Clasificación de Library of Congress     Humanidades Biblioteca Juan Bosch Biblioteca Juan Bosch Humanidades (4to. Piso) 10/04/2023 3 PQ2472 F318 00000075735 25/10/2018 1